Islam : (Record no. 11749)
[ view plain ]
| 000 -LEADER | |
|---|---|
| fixed length control field | 01449cam a22004215a 4500 |
| 001 - CONTROL NUMBER | |
| control field | 15596954 |
| 003 - CONTROL NUMBER IDENTIFIER | |
| control field | EG-ScBUE |
| 005 - DATE AND TIME OF LATEST TRANSACTION | |
| control field | 20220911101838.0 |
| 008 - FIXED-LENGTH DATA ELEMENTS--GENERAL INFORMATION | |
| fixed length control field | 090123t2010 gw ab f bd 001 0 eng d |
| 020 ## - INTERNATIONAL STANDARD BOOK NUMBER | |
| International Standard Book Number | 3833160020 |
| 020 ## - INTERNATIONAL STANDARD BOOK NUMBER | |
| International Standard Book Number | 9783833160028 |
| 035 ## - SYSTEM CONTROL NUMBER | |
| System control number | (OCoLC)ocn289095702 |
| 040 ## - CATALOGING SOURCE | |
| Original cataloging agency | NLGGC |
| Language of cataloging | eng |
| Description conventions | rda |
| Transcribing agency | CNCCA |
| Modifying agency | EG-ScBUE |
| 041 1# - LANGUAGE CODE | |
| Language code of text/sound track or separate title | eng |
| Language code of original and/or intermediate translations of text | ger |
| 043 ## - GEOGRAPHIC AREA CODE | |
| Geographic area code | e------ |
| 082 04 - DEWEY DECIMAL CLASSIFICATION NUMBER | |
| Classification number | 709.1767 |
| Item number | ISL |
| Edition number | 22 |
| 240 10 - UNIFORM TITLE | |
| Uniform title | <a href="Kunst und Architektur.">Kunst und Architektur.</a> |
| Language of a work | English |
| 245 00 - TITLE STATEMENT | |
| Title | Islam : |
| Remainder of title | art and architecture / |
| Statement of responsibility, etc | edited by Markus Hattstein and Peter Delius. |
| 264 #1 - PUBLICATION, DISTRIBUTION, ETC. (IMPRINT) | |
| Place of publication, distribution, etc | [Berlin] : |
| Name of publisher, distributor, etc | American University in Cairo Press, |
| Date of publication, distribution, etc | [2010] |
| 264 #4 - PUBLICATION, DISTRIBUTION, ETC. (IMPRINT) | |
| Date of publication, distribution, etc | c2010 |
| 300 ## - PHYSICAL DESCRIPTION | |
| Extent | 623 pages : |
| Other physical details | illustrations (chiefly color), maps ; |
| Dimensions | 30 cm |
| 336 ## - CONTENT TYPE | |
| Source | rdacontent |
| Content type term | text |
| Content type code | txt |
| 337 ## - MEDIA TYPE | |
| Source | rdamedia |
| Media type term | unmediated |
| Media type code | n |
| 338 ## - CARRIER TYPE | |
| Source | rdacarrier |
| Carrier type term | volume |
| Carrier type code | nc |
| 500 ## - GENERAL NOTE | |
| General note | Includes glossary.<br/> |
| 504 ## - BIBLIOGRAPHY, ETC. NOTE | |
| Bibliography, etc | Includes bibliographical references and index.<br/> |
| 546 ## - LANGUAGE NOTE | |
| Language note | Text in English ; translated from the original German.<br/> |
| 590 ## - LOCAL NOTE (RLIN) | |
| Local note | Mohamed Hussein |
| 650 #7 - SUBJECT ADDED ENTRY--TOPICAL TERM | |
| Topical term or geographic name as entry element | Mosques |
| General subdivision | History |
| Geographic subdivision | Europe |
| Chronological subdivision | 20th century. |
| Source of heading or term | BUEsh |
| 9 (RLIN) | 5838 |
| 650 #7 - SUBJECT ADDED ENTRY--TOPICAL TERM | |
| Topical term or geographic name as entry element | Mosquew |
| General subdivision | History |
| Geographic subdivision | Europe |
| Chronological subdivision | 21st century. |
| Source of heading or term | BUEsh |
| 9 (RLIN) | 5839 |
| 650 #7 - SUBJECT ADDED ENTRY--TOPICAL TERM | |
| Topical term or geographic name as entry element | Islamic architecture |
| Geographic subdivision | Europe. |
| 9 (RLIN) | 5840 |
| Source of heading or term | BUEsh |
| 651 ## - SUBJECT ADDED ENTRY--GEOGRAPHIC NAME | |
| Source of heading or term | BUEsh |
| 653 ## - INDEX TERM--UNCONTROLLED | |
| Resource For college | Arabic Literature |
| Arrived date list | August2015 |
| 655 ## - INDEX TERM--GENRE/FORM | |
| Form subdivision | Reading book |
| 9 (RLIN) | 34232 |
| 700 1# - ADDED ENTRY--PERSONAL NAME | |
| Personal name | Hattstein, Markus, |
| Relator term | editor |
| 9 (RLIN) | 2611 |
| 700 1# - ADDED ENTRY--PERSONAL NAME | |
| Personal name | Delius, Peter, |
| Relator term | editor. |
| 9 (RLIN) | 2612 |
| 942 ## - ADDED ENTRY ELEMENTS (KOHA) | |
| Source of classification or shelving scheme | Dewey Decimal Classification |
| Koha item type | Book - Borrowing |
| Withdrawn status | Lost status | Source of classification or shelving scheme | Damaged status | Not for loan | Collection code | Home library | Current library | Shelving location | Date acquired | Source of acquisition | Cost, normal purchase price | Serial Enumeration / chronology | Total Checkouts | Total Renewals | Full call number | Barcode | Date last seen | Date checked out | Koha item type | Materials specified (bound volume or other part) | Price effective from |
|---|---|---|---|---|---|---|---|---|---|---|---|---|---|---|---|---|---|---|---|---|---|
| Dewey Decimal Classification | Alpha | Central Library | Central Library | Second Floor | 14/09/2015 | 250.00 | 1 | 13 | 15 | 709.1767 ISL | 000027895 | 15/07/2025 | 23/11/2024 | Book - Borrowing | |||||||
| Dewey Decimal Classification | Central Library | Central Library | Second Floor | 10/02/2010 | 14 | 25 | 709.1767 ISL | 000019185 | 11/02/2026 | 20/01/2022 | Book - Borrowing | ||||||||||
| Lost | Dewey Decimal Classification | AUC | Central Library | Central Library | Second Floor | 03/04/2011 | 250.00 | 3 | 7 | 709.1767 ISL | 000023110 | 29/02/2012 | 07/09/2011 | Book - Borrowing | Lost In Inventory_2015-8-23 | 03/04/2011 | |||||
| Dewey Decimal Classification | Central Library | Central Library | Second Floor | 08/05/2011 | 709.1767 ISL | 000015433 | 15/07/2025 | NB - Book (Non borrowing) |